|
|
|
|
| LEADER |
00000cas a2200000 a 4500 |
| 001 |
vtls008883549 |
| 003 |
SK-MaSNL |
| 005 |
20260228162156.0 |
| 008 |
021029d20022002xo mr|p|r 0 0 b0slo| |
| 022 |
|
|
|a 1336-1279
|
| 035 |
|
|
|a (SVKBB03)vtls000133431
|
| 040 |
|
|
|a SVKBB
|b slo
|c SVKBB
|d SNK
|e AACR2
|
| 041 |
0 |
|
|a slo
|
| 044 |
|
|
|a xo
|c SK
|
| 072 |
|
7 |
|a 72/76
|x Výtvarné umenie
|2 konspekt
|
| 080 |
|
|
|a 72/76
|2 2011
|
| 080 |
|
|
|a 050
|2 2011
|
| 080 |
|
|
|a (051)-048.55
|2 2011
|
| 210 |
0 |
|
|a Art expo
|b (Bratisl.)
|
| 222 |
|
0 |
|a Art expo
|b (Bratislava)
|
| 245 |
0 |
0 |
|a Art expo
|b galérie, výstavy, umelci, udalosti
|
| 260 |
|
|
|a Bratislava
|b Eastone, s.r.o.
|c 2002-2002
|
| 300 |
|
|
|a 1 zv.
|c 21 cm
|
| 310 |
|
|
|a 1x mesačne
|
| 362 |
0 |
|
|a Č. sept. (2002)-č. okt. (2002)
|
| 500 |
|
|
|a Registračné č. MK SR: 2824/2002
|
| 500 |
|
|
|a Podnázov v tiráži: mesačník o výtvarnom umení (galérie, výstavy, umelci, udalosti)
|
| 650 |
0 |
7 |
|a výtvarné umenie
|2 SNKPH
|9 723
|
| 655 |
|
7 |
|a špecializované časopisy
|2 SNKPH
|9 70509
|
| 910 |
|
|
|a snk
|
| 999 |
|
|
|c 7010
|d 8940
|
| 952 |
|
|
|0 0
|1 0
|4 0
|7 0
|8 0
|a SNK
|b SNK
|d 2020-12-03
|i snk2020/21851
|l 0
|o snkČSC 4134/2002
|p 17A1433005
|r 2026-02-21 19:24:26
|t č. sept.-okt.
|w 2026-02-21
|y PREZ
|
| 952 |
|
|
|0 0
|1 0
|4 0
|7 0
|8 0
|a SNK
|b SNK
|d 2020-12-03
|i snk2020/21852
|l 0
|o snkČSC 4134/2002 D1
|p 17A1433004
|r 2026-02-21 19:24:26
|t č. sept.-okt.
|w 2026-02-21
|y PREZ
|